La iluminación escénica /
El papel del iluminador dentro del equipo de trabajo que realiza una obra de teatro hace su entrada recién comenzando el siglo XX. Desprendido su papel de la tarea del escenógrafo o del director, aún busca consolidarse como protagonista. La iluminación escénica se funda a cada instante y su versatil...
| Other Authors: | |
|---|---|
| Format: | Libro |
| Language: | Spanish |
| Published: |
Buenos Aires
Libros del Rojas
2003
|
| Series: | Herramientas
|
| Subjects: | |
| Online Access: |
MARC
| LEADER | 00000cam a2200000 a 4500 | ||
|---|---|---|---|
| 001 | 020211 | ||
| 003 | UAHC_CL | ||
| 005 | 20170803121842.0 | ||
| 008 | 081223s2003 ag 000 spa | ||
| 020 | |a 9871075170 | ||
| 040 | |a UAHC_CL |c UAHC_CL |d UAHC_CL | ||
| 082 | 0 | 4 | |a 792.025 |b I29 |2 20 |
| 245 | 1 | 3 | |a La iluminación escénica / |c Ernesto Diz ... [et al.]. |
| 260 | |b Libros del Rojas |a Buenos Aires |c 2003 | ||
| 300 | |a 91 p. | ||
| 490 | 0 | |a Herramientas | |
| 520 | |a El papel del iluminador dentro del equipo de trabajo que realiza una obra de teatro hace su entrada recién comenzando el siglo XX. Desprendido su papel de la tarea del escenógrafo o del director, aún busca consolidarse como protagonista. La iluminación escénica se funda a cada instante y su versatilidad la ha puesto a la delantera en el desarrollo de las tecnologías teatrales. Si el problema del movimiento fue y sigue siendo uno de los grandes motores del arte escénico, es en la iluminación donde más se ha avanzado. | ||
| 650 | 4 | |a ILUMINACION ESCENICA | |
| 653 | |a ACTUACION TEATRAL | ||
| 700 | 1 | |a Diz, Ernesto | |
| 900 | |a 792.025 ILU | ||
| 942 | |c BK | ||
| 952 | |0 0 |1 0 |4 0 |6 792_025000000000000_ILU |7 0 |8 General |9 40554 |a BS |b BS |c General |d 2017-08-03 |l 6 |o 792.025 ILU |p 1367764 |r 2026-04-01 17:10:09 |s 2026-04-01 |t 1 |w 2017-08-03 |y BK | ||
| 999 | |c 20211 |d 20211 | ||


